The construction of real estate indices (Record no. 80535)
[ view plain ]
| 000 -LEADER | |
|---|---|
| fixed length control field | 00920cab a22002055a 4500 |
| 001 - CONTROL NUMBER | |
| control field | L144657 |
| 008 - FIXED-LENGTH DATA ELEMENTS--GENERAL INFORMATION | |
| fixed length control field | 080804s2008 xxkad f s 000 0 eng d |
| 035 ## - SYSTEM CONTROL NUMBER | |
| System control number | (Sirsi) u144657 |
| 041 0# - LANGUAGE CODE | |
| Language code of text/sound track or separate title | eng |
| 100 1# - MAIN ENTRY--PERSONAL NAME | |
| Personal name | Freund, Steven |
| 245 04 - TITLE STATEMENT | |
| Title | The construction of real estate indices |
| 260 ## - PUBLICATION, DISTRIBUTION, ETC. | |
| Date of publication, distribution, etc. | 2008 |
| 490 #0 - SERIES STATEMENT | |
| Series statement | Real Estate Review |
| Volume/sequential designation | 37(2) 2008, 39-47(9) |
| 520 ## - SUMMARY, ETC. | |
| Summary, etc. | Reviews the literature on real estate indices. Shows how to construct real estate indices focused on Real estate or real estate investment trusts from the Centre for Research in Security Prices (CRSP). Compares the constructed indices to the overall CRSP equal-weighted, value-weighted indices and with shareholder returns to Fannie Mae and Freddie Mac. Discusses the results. |
| 590 ## - LOCAL NOTE (RLIN) | |
| Local note | KA |
| 651 #4 - SUBJECT ADDED ENTRY--GEOGRAPHIC NAME | |
| Geographic name | International |
| 690 ## - LOCAL SUBJECT ADDED ENTRY--TOPICAL TERM (OCLC, RLIN) | |
| Topical term or geographic name as entry element | PROPERTY-PROPERTY FINANCE AND INVESTMENT-REAL ESTATE INVESTMENT TRUSTS |
| 700 1# - ADDED ENTRY--PERSONAL NAME | |
| Personal name | Yuxing, Yan |
| 942 ## - ADDED ENTRY ELEMENTS (KOHA) | |
| Suppress in OPAC | 0 |
| Withdrawn status | Lost status | Source of classification or shelving scheme | Damaged status | Not for loan | Home library | Current library | Shelving location | Date acquired | Total Checkouts | Full call number | Barcode | Date last seen | Copy number | Price effective from | Koha item type |
|---|---|---|---|---|---|---|---|---|---|---|---|---|---|---|---|
| Dewey Decimal Classification | London | London | Journal article | 04/08/2008 | L144657 | 144657-1001 | 06/08/2019 | 1 | 06/08/2019 | Journal article |